000 00495cam a2200193 4500
001 B3156
008 090401t1990 xxu||||| |||| 00| 0 eng d
035 _a(Sirsi) u54361
041 _aeng
050 _a692.8
100 _aSenior, G.
245 _aRisk and uncertainty in lump sum contracts
260 _aAscot,Berks
_bChartered Institute of Building
_c1990
300 _a10p. ; 30cm.
350 _a3
490 _aTechnical Information Service
_v113
942 _n0
948 _c04/03/1997
999 _c93457
_d93457